| 000 | 00681nam a2200181Ia 4500 | ||
|---|---|---|---|
| 008 | 090630s9999 xx 000 0 und d | ||
| 082 | _b26034 | ||
| 100 | _aब्रह्मांडकर उज्वल. | ||
| 245 |
_aप्रश्न चिन्ह. _cब्रह्मांडकर उज्वल. |
||
| 260 |
_bमनोरमा - मुंबई. _c2006 |
||
| 300 | _a214 | ||
| 600 | _aब्रह्मांडकर उज्वल. | ||
| 630 | _aप्रश्न चिन्ह. | ||
| 655 | _aकादंबरी. | ||
| 700 | _aब्रह्मांडकर उज्वल. | ||
| 730 | _aप्रश्न चिन्ह. | ||
| 942 | _cBOOK | ||
| 999 |
_c277890 _d277890 |
||